[Event "MESRRK"]
[Site "?"]
[Date "2018.05.26"]
[Round "3.11"]
[White "Matusik, Ondrej"]
[Black "Kolimar, Kristof Pal"]
[Result "0-1"]
[BlackElo "1715"]
[WhiteElo "1251"]
[LiveChessVersion "1.4.8"]

1. e4 {[%clk 0:20:10]} c5 {[%clk 0:20:19]} 2. Nf3 {[%clk 0:20:09]} e6
{[%clk 0:20:28]} 3. d4 {[%clk 0:19:56]} cxd4 {[%clk 0:20:36]} 4. Nxd4
{[%clk 0:19:58]} a6 {[%clk 0:20:45]} 5. Nc3 {[%clk 0:19:46]} Qc7 {[%clk 0:20:53]}
6. Be2 {[%clk 0:19:31]} b5 {[%clk 0:21:02]} 7. a3 {[%clk 0:19:19]} Bb7
{[%clk 0:21:05]} 8. O-O {[%clk 0:18:23]} Nf6 {[%clk 0:21:13]} 9. f3
{[%clk 0:17:28]} Nc6 {[%clk 0:20:55]} 10. Be3 {[%clk 0:17:00]} Be7
{[%clk 0:20:59]} 11. Kh1 {[%clk 0:16:31]} Ne5 {[%clk 0:20:34]} 12. Nb1
{[%clk 0:14:29]} O-O {[%clk 0:19:49]} 13. Nd2 {[%clk 0:14:16]} d5
{[%clk 0:19:20]} 14. f4 {[%clk 0:13:06]} Nc4 {[%clk 0:19:27]} 15. Nxc4
{[%clk 0:13:11]} dxc4 {[%clk 0:19:31]} 16. e5 {[%clk 0:12:57]} Nd5
{[%clk 0:19:39]} 17. Bc1 {[%clk 0:12:04]} Bc5 {[%clk 0:17:55]} 18. b4
{[%clk 0:10:51]} Bxd4 {[%clk 0:17:43]} 19. Qxd4 {[%clk 0:10:42]} Rad8
{[%clk 0:17:52]} 20. Qf2 {[%clk 0:09:56]} Ne7 {[%clk 0:17:33]} 21. Be3
{[%clk 0:09:32]} Qc6 {[%clk 0:17:09]} 22. Bf3 {[%clk 0:09:11]} Qc8
{[%clk 0:17:07]} 23. Bc5 {[%clk 0:08:38]} Rfe8 {[%clk 0:17:00]} 24. Bxe7
{[%clk 0:07:51]} Rxe7 {[%clk 0:17:08]} 25. Qh4 {[%clk 0:07:49]} Red7
{[%clk 0:17:03]} 26. Qg3 {[%clk 0:06:48]} Bxf3 {[%clk 0:17:00]} 27. Qxf3
{[%clk 0:06:55]} Rd2 {[%clk 0:16:58]} 28. Qc3 {[%clk 0:06:07]} Qc6
{[%clk 0:17:02]} 29. Rg1 {[%clk 0:05:44]} Qe4 {[%clk 0:17:02]} 30. Rac1
{[%clk 0:05:00]} Qxf4 {[%clk 0:16:54]} 31. Rcf1 {[%clk 0:05:08]} Qe4
{[%clk 0:16:58]} 32. Rc1 {[%clk 0:05:00]} Qd4 {[%clk 0:16:25]} 33. Qf3
{[%clk 0:04:26]} Qxe5 {[%clk 0:16:21]} 34. Qb7 {[%clk 0:03:48]} R2d6
{[%clk 0:15:27]} 35. Rgf1 {[%clk 0:03:27]} Qh5 {[%clk 0:15:34]} 36. c3
{[%clk 0:02:56]} Rd1 {[%clk 0:15:07]} 37. Qc7 {[%clk 0:02:16]} Rxf1+
{[%clk 0:15:03]} 38. Rxf1 {[%clk 0:02:25]} Rf8 {[%clk 0:15:12]} 39. Qb7
{[%clk 0:02:26]} Qe2 {[%clk 0:15:16]} 40. Kg1 {[%clk 0:02:20]} Qe3+
{[%clk 0:15:24]} 41. Rf2 {[%clk 0:02:16]} Qxc3 {[%clk 0:15:30]} 42. Qxa6
{[%clk 0:02:22]} Qe1+ {[%clk 0:15:30]} 43. Rf1 {[%clk 0:02:29]} Qe5
{[%clk 0:15:38]} 44. Qb7 {[%clk 0:02:16]} Qe3+ {[%clk 0:15:40]} 45. Rf2
{[%clk 0:02:23]} Qxa3 {[%clk 0:15:41]} 46. Qxb5 {[%clk 0:02:31]} Qc1+
{[%clk 0:15:49]} 47. Rf1 {[%clk 0:02:40]} Qe3+ {[%clk 0:15:56]} 48. Rf2
{[%clk 0:02:46]} c3 {[%clk 0:16:04]} 49. Qc4 {[%clk 0:02:47]} c2 {[%clk 0:15:58]}
50. Qxc2 {[%clk 0:02:47]} Qe1+ {[%clk 0:16:07]} 51. Rf1 {[%clk 0:02:55]} Qxb4
{[%clk 0:16:16]} 52. Qf2 {[%clk 0:03:00]} Qe7 {[%clk 0:16:21]} 53. Re1
{[%clk 0:02:58]} Rc8 {[%clk 0:16:28]} 54. Ra1 {[%clk 0:02:42]} h6
{[%clk 0:16:33]} 55. Qe2 {[%clk 0:02:38]} Qc5+ {[%clk 0:16:38]} 56. Kf1
{[%clk 0:02:38]} Qf5+ {[%clk 0:16:47]} 57. Kg1 {[%clk 0:02:42]} Qc2
{[%clk 0:16:48]} 58. Qf3 {[%clk 0:02:34]} Qc3 {[%clk 0:16:24]} 59. Qe4
{[%clk 0:02:07]} Qxa1+ {[%clk 0:16:29]} 0-1

[Event "MESRRK"]
[Site "?"]
[Date "2018.05.26"]
[Round "3.12"]
[White "Brozka, Karel"]
[Black "Petrecz, Akos"]
[Result "1-0"]
[BlackElo "1224"]
[WhiteElo "1590"]
[LiveChessVersion "1.4.8"]

1. d4 {[%clk 0:20:14]} d5 {[%clk 0:20:18]} 2. Nf3 {[%clk 0:20:18]} Nc6
{[%clk 0:20:25]} 3. c4 {[%clk 0:20:14]} dxc4 {[%clk 0:20:27]} 4. Nc3
{[%clk 0:20:19]} Nf6 {[%clk 0:20:27]} 5. Bg5 {[%clk 0:20:11]} e6 {[%clk 0:20:22]}
6. e4 {[%clk 0:20:01]} Be7 {[%clk 0:20:14]} 7. Bxc4 {[%clk 0:19:58]} O-O
{[%clk 0:20:11]} 8. O-O {[%clk 0:20:02]} h6 {[%clk 0:20:19]} 9. Bf4
{[%clk 0:19:30]} Bd7 {[%clk 0:19:55]} 10. Qd2 {[%clk 0:18:48]} Nh7
{[%clk 0:19:24]} 11. Rac1 {[%clk 0:17:53]} Rc8 {[%clk 0:18:05]} 12. Rfd1
{[%clk 0:17:42]} Bf6 {[%clk 0:17:11]} 13. d5 {[%clk 0:16:08]} Bxc3
{[%clk 0:16:32]} 14. Rxc3 {[%clk 0:15:12]} exd5 {[%clk 0:15:49]} 15. Bxd5
{[%clk 0:14:27]} Nf6 {[%clk 0:14:56]} 16. Rd3 {[%clk 0:13:24]} Qe7
{[%clk 0:13:09]} 17. a3 {[%clk 0:11:14]} Nxd5 {[%clk 0:10:36]} 18. exd5
{[%clk 0:11:00]} Nd8 {[%clk 0:07:21]} 19. Re1 {[%clk 0:10:58]} Qf6
{[%clk 0:07:02]} 20. Ne5 {[%clk 0:09:43]} Bf5 21. Rg3 {[%clk 0:09:45]} Kh7
{[%clk 0:05:45]} 22. Nf3 {[%clk 0:08:05]} g5 {[%clk 0:04:21]} 23. Be5
{[%clk 0:07:35]} Qb6 {[%clk 0:02:19]} 24. Nxg5+ {[%clk 0:06:53]} hxg5
{[%clk 0:02:26]} 25. Qxg5 {[%clk 0:06:53]} Qg6 {[%clk 0:02:12]} 26. Qh4+
{[%clk 0:06:50]} Qh6 {[%clk 0:01:50]} 27. Rg7+ {[%clk 0:06:58]} Kh8
{[%clk 0:01:59]} 28. Qxh6+ {[%clk 0:07:06]} Bh7 {[%clk 0:02:08]} 29. Qxh7#
{[%clk 0:07:15]} 1-0

[Event "MESRRK"]
[Site "?"]
[Date "2018.05.26"]
[Round "3.13"]
[White "Buchta, Bartolomej"]
[Black "Sahidi, Sear"]
[Result "1-0"]
[BlackElo "1129"]
[WhiteElo "1405"]
[LiveChessVersion "1.4.8"]

1. e4 {[%clk 0:20:18]} e5 {[%clk 0:20:19]} 2. Nf3 {[%clk 0:20:27]} Nc6
{[%clk 0:20:28]} 3. Bb5 {[%clk 0:20:35]} Bc5 {[%clk 0:20:35]} 4. O-O
{[%clk 0:20:38]} Nf6 {[%clk 0:20:43]} 5. Re1 {[%clk 0:20:44]} d6 {[%clk 0:20:41]}
6. h3 {[%clk 0:20:46]} O-O {[%clk 0:20:44]} 7. c3 {[%clk 0:20:51]} d5
{[%clk 0:20:07]} 8. exd5 {[%clk 0:20:36]} Qxd5 {[%clk 0:20:15]} 9. Bxc6
{[%clk 0:20:35]} bxc6 {[%clk 0:19:58]} 10. Rxe5 {[%clk 0:20:26]} Qd6
{[%clk 0:19:39]} 11. d4 {[%clk 0:20:25]} Bb6 {[%clk 0:19:43]} 12. Bf4
{[%clk 0:20:03]} Qd8 {[%clk 0:19:12]} 13. Nbd2 {[%clk 0:19:47]} Be6
{[%clk 0:18:24]} 14. Bg5 {[%clk 0:19:35]} h6 {[%clk 0:18:24]} 15. Bh4
{[%clk 0:19:30]} Re8 {[%clk 0:17:31]} 16. Ne4 {[%clk 0:19:18]} Rb8
{[%clk 0:15:50]} 17. Nxf6+ {[%clk 0:18:24]} gxf6 {[%clk 0:15:57]} 18. Qd2
{[%clk 0:16:39]} Kg7 {[%clk 0:15:02]} 19. Rh5 {[%clk 0:15:56]} Rh8
{[%clk 0:14:23]} 20. Qf4 {[%clk 0:14:40]} Qe7 {[%clk 0:10:22]} 21. Re1
{[%clk 0:14:09]} c5 {[%clk 0:09:50]} 22. d5 {[%clk 0:14:01]} Ba5 {[%clk 0:07:06]}
23. dxe6 {[%clk 0:13:38]} fxe6 {[%clk 0:07:07]} 24. Ne5 {[%clk 0:12:50]} Rb6
{[%clk 0:06:06]} 25. Qg3+ {[%clk 0:12:41]} Kh7 {[%clk 0:04:29]} 26. Qg6# 1-0

[Event "MESRRK"]
[Site "?"]
[Date "2018.05.26"]
[Round "3.14"]
[White "Sowinski, Wojciech"]
[Black "Polomsky, Tomas"]
[Result "1-0"]
[BlackElo "1254"]
[WhiteElo "1115"]
[LiveChessVersion "1.4.8"]

1. d4 {[%clk 0:20:19]} Nf6 {[%clk 0:20:19]} 2. c4 {[%clk 0:20:27]} c5
{[%clk 0:20:28]} 3. d5 {[%clk 0:20:21]} b5 {[%clk 0:20:37]} 4. cxb5
{[%clk 0:20:13]} a6 {[%clk 0:20:46]} 5. bxa6 {[%clk 0:20:17]} Bxa6
{[%clk 0:20:54]} 6. Nc3 {[%clk 0:20:22]} g6 {[%clk 0:21:02]} 7. Nf3
{[%clk 0:20:25]} d6 {[%clk 0:19:27]} 8. e4 {[%clk 0:19:27]} Bxf1 {[%clk 0:19:33]}
9. Rxf1 {[%clk 0:19:07]} Bg7 {[%clk 0:19:31]} 10. Ke2 {[%clk 0:19:12]} O-O
{[%clk 0:18:14]} 11. Re1 {[%clk 0:19:14]} Qa5 {[%clk 0:17:43]} 12. Qc2
{[%clk 0:18:36]} Qa6+ {[%clk 0:17:18]} 13. Qd3 {[%clk 0:18:37]} Qxd3+
{[%clk 0:17:26]} 14. Kxd3 {[%clk 0:18:46]} Na6 {[%clk 0:17:02]} 15. a3
{[%clk 0:18:49]} Nb4+ {[%clk 0:15:55]} 16. Kd2 {[%clk 0:18:13]} Ng4
{[%clk 0:14:49]} 17. Rb1 Na6 18. h3 {[%clk 0:14:16]} Nf6 {[%clk 0:14:06]} 19. Kd1
{[%clk 0:14:02]} Nc7 {[%clk 0:13:02]} 20. Bg5 {[%clk 0:13:59]} Rfb8
{[%clk 0:11:59]} 21. Bxf6 {[%clk 0:13:20]} Bxf6 {[%clk 0:12:07]} 22. Kc2
{[%clk 0:13:24]} Bxc3 {[%clk 0:09:55]} 23. Kxc3 {[%clk 0:13:02]} Nb5+
{[%clk 0:09:28]} 24. Kc2 {[%clk 0:13:04]} Rxa3 {[%clk 0:08:27]} 25. Ra1
{[%clk 0:11:20]} Rxa1 {[%clk 0:07:14]} 26. Rxa1 {[%clk 0:11:28]} Kg7
{[%clk 0:06:49]} 27. Re1 {[%clk 0:09:21]} f6 {[%clk 0:05:55]} 28. g4
{[%clk 0:08:13]} g5 {[%clk 0:05:30]} 29. Re3 {[%clk 0:07:41]} Ra8
{[%clk 0:05:07]} 30. Rb3 {[%clk 0:07:08]} Rb8 {[%clk 0:04:12]} 31. Kd3
{[%clk 0:06:20]} Kf7 {[%clk 0:03:42]} 32. Kc4 {[%clk 0:06:13]} Ra8
{[%clk 0:03:00]} 33. Kxb5 {[%clk 0:05:33]} Rb8+ {[%clk 0:03:01]} 34. Kc4
{[%clk 0:05:41]} Ra8 {[%clk 0:03:09]} 35. Ra3 {[%clk 0:05:49]} Rb8
{[%clk 0:03:18]} 36. b3 {[%clk 0:05:45]} Rb4+ {[%clk 0:03:26]} 37. Kd3
{[%clk 0:05:51]} Kg6 {[%clk 0:03:14]} 38. Nd2 {[%clk 0:05:55]} h5
{[%clk 0:03:21]} 39. Ra4 {[%clk 0:06:02]} Rb7 {[%clk 0:03:27]} 40. f3
{[%clk 0:06:04]} h4 {[%clk 0:03:24]} 41. Ke3 {[%clk 0:05:49]} Kf7
{[%clk 0:03:22]} 42. f4 {[%clk 0:05:55]} gxf4+ {[%clk 0:03:23]} 43. Kxf4
{[%clk 0:06:04]} Kg6 {[%clk 0:03:31]} 44. Ra8 {[%clk 0:05:26]} Kf7
{[%clk 0:03:29]} 45. g5 {[%clk 0:05:29]} 1-0

[Event "MESRRK"]
[Site "?"]
[Date "2018.05.26"]
[Round "3.15"]
[White "Orgon, Jakub"]
[Black "Sosovickova, Martina"]
[Result "1/2-1/2"]
[BlackElo "1129"]
[WhiteElo "1379"]
[LiveChessVersion "1.4.8"]

1. e4 {[%clk 0:20:19]} c5 {[%clk 0:20:18]} 2. c3 {[%clk 0:20:27]} Nc6
{[%clk 0:20:25]} 3. d4 {[%clk 0:20:35]} cxd4 {[%clk 0:20:28]} 4. cxd4
{[%clk 0:20:43]} g6 {[%clk 0:20:25]} 5. Be3 {[%clk 0:20:44]} Bg7 {[%clk 0:20:10]}
6. Nf3 {[%clk 0:20:35]} Nf6 {[%clk 0:19:44]} 7. Nc3 {[%clk 0:20:43]} O-O
{[%clk 0:19:31]} 8. Be2 {[%clk 0:19:53]} a6 {[%clk 0:19:04]} 9. O-O
{[%clk 0:19:54]} b5 {[%clk 0:18:35]} 10. a3 {[%clk 0:19:47]} Bb7 {[%clk 0:18:15]}
11. d5 {[%clk 0:19:36]} Na5 {[%clk 0:17:53]} 12. b4 {[%clk 0:17:46]} Nc4
{[%clk 0:17:44]} 13. Bxc4 {[%clk 0:17:55]} bxc4 {[%clk 0:17:49]} 14. Rc1
{[%clk 0:17:19]} Rc8 {[%clk 0:16:59]} 15. Qc2 {[%clk 0:16:09]} d6
{[%clk 0:15:26]} 16. h3 {[%clk 0:14:36]} a5 {[%clk 0:14:31]} 17. Bd4
{[%clk 0:12:55]} axb4 {[%clk 0:14:10]} 18. axb4 {[%clk 0:12:46]} Ba6
{[%clk 0:13:48]} 19. Ra1 {[%clk 0:12:21]} Bb7 {[%clk 0:13:24]} 20. Rfe1
{[%clk 0:10:38]} Qc7 {[%clk 0:12:51]} 21. Rf1 {[%clk 0:08:16]} Nd7
{[%clk 0:12:46]} 22. Bxg7 {[%clk 0:08:18]} Kxg7 {[%clk 0:12:53]} 23. Qd2
{[%clk 0:08:03]} Qb6 {[%clk 0:12:28]} 24. Qd4+ {[%clk 0:07:30]} Qxd4
{[%clk 0:12:31]} 25. Nxd4 {[%clk 0:07:38]} Ne5 {[%clk 0:12:28]} 26. Rab1
{[%clk 0:06:03]} Rb8 {[%clk 0:11:52]} 27. b5 {[%clk 0:05:26]} Bc8
{[%clk 0:11:23]} 28. Nc6 {[%clk 0:05:18]} Rb7 {[%clk 0:11:02]} 29. Nxe5
{[%clk 0:05:13]} dxe5 {[%clk 0:11:10]} 30. Rb4 {[%clk 0:04:57]} Bd7
{[%clk 0:10:51]} 31. Rxc4 {[%clk 0:03:31]} Bxb5 {[%clk 0:10:56]} 32. Nxb5
{[%clk 0:03:39]} Rxb5 {[%clk 0:11:04]} 33. Rc7 {[%clk 0:03:47]} Re8
{[%clk 0:11:08]} 34. Rfc1 {[%clk 0:03:51]} Rb6 {[%clk 0:10:57]} 35. R7c6
{[%clk 0:03:19]} Rb4 {[%clk 0:10:50]} 36. f3 {[%clk 0:03:24]} Rb5
{[%clk 0:10:24]} 37. Rc8 {[%clk 0:03:07]} Rxc8 {[%clk 0:10:25]} 38. Rxc8
{[%clk 0:03:15]} Rb7 {[%clk 0:10:26]} 39. Rc6 {[%clk 0:03:20]} Rd7
{[%clk 0:10:24]} 40. Kf2 {[%clk 0:03:14]} Rd6 {[%clk 0:10:11]} 41. g3
{[%clk 0:02:01]} Kf8 {[%clk 0:09:45]} 42. Rc8+ {[%clk 0:02:04]} Kg7
{[%clk 0:09:51]} 43. Rc6 {[%clk 0:02:03]} Kf8 {[%clk 0:09:56]} 44. Rc8+
{[%clk 0:02:02]} Kg7 {[%clk 0:10:05]} 45. Rc6 {[%clk 0:01:25]} Kf8
{[%clk 0:10:12]} 46. Rxd6 {[%clk 0:00:56]} exd6 {[%clk 0:10:21]} 47. f4
{[%clk 0:01:04]} exf4 {[%clk 0:10:24]} 48. gxf4 {[%clk 0:01:13]} Ke7
{[%clk 0:10:32]} 49. e5 {[%clk 0:01:17]} f6 {[%clk 0:10:35]} 50. exf6+
{[%clk 0:01:10]} 1/2-1/2

[Event "MESRRK"]
[Site "?"]
[Date "2018.05.26"]
[Round "3.16"]
[White "Visvader, Kristof"]
[Black "Horvathova, Hana"]
[Result "1-0"]
[BlackElo "1140"]
[WhiteElo "1280"]
[LiveChessVersion "1.4.8"]

1. e4 {[%clk 0:20:19]} e5 {[%clk 0:20:17]} 2. Nf3 {[%clk 0:20:26]} Nc6
{[%clk 0:20:25]} 3. Bb5 {[%clk 0:20:34]} d6 {[%clk 0:20:31]} 4. d4
{[%clk 0:20:38]} Bd7 {[%clk 0:20:16]} 5. Bxc6 {[%clk 0:20:42]} Bxc6
{[%clk 0:20:18]} 6. dxe5 {[%clk 0:20:49]} dxe5 {[%clk 0:20:25]} 7. Qxd8+
{[%clk 0:20:49]} Rxd8 {[%clk 0:20:30]} 8. Nc3 {[%clk 0:20:53]} Bd6
{[%clk 0:20:29]} 9. Be3 {[%clk 0:20:56]} a6 {[%clk 0:20:23]} 10. O-O
{[%clk 0:20:48]} Nf6 {[%clk 0:20:29]} 11. Bg5 {[%clk 0:20:41]} Be7
{[%clk 0:20:01]} 12. Nxe5 {[%clk 0:19:55]} Bxe4 {[%clk 0:19:00]} 13. Nxe4
{[%clk 0:20:02]} Nxe4 {[%clk 0:19:01]} 14. Bxe7 {[%clk 0:20:10]} Kxe7
{[%clk 0:19:05]} 15. Rfe1 {[%clk 0:20:14]} f6 {[%clk 0:17:07]} 16. Rxe4
{[%clk 0:20:16]} fxe5 {[%clk 0:17:01]} 17. Rxe5+ {[%clk 0:20:24]} Kd7
{[%clk 0:17:01]} 18. Rd5+ {[%clk 0:20:31]} Kc8 {[%clk 0:17:07]} 19. Rxd8+
{[%clk 0:20:32]} Rxd8 {[%clk 0:17:14]} 20. Kf1 {[%clk 0:20:40]} Re8
{[%clk 0:16:53]} 21. Re1 {[%clk 0:20:47]} Rd8 {[%clk 0:16:46]} 22. f3
{[%clk 0:20:02]} Rd6 {[%clk 0:16:17]} 23. Re2 {[%clk 0:19:48]} Kd7
{[%clk 0:15:54]} 24. Ke1 {[%clk 0:15:16]} Kc6 {[%clk 0:15:41]} 25. Re3
{[%clk 0:15:13]} b5 {[%clk 0:14:00]} 26. Rc3+ {[%clk 0:15:18]} Kb6
{[%clk 0:14:04]} 27. Ke2 {[%clk 0:15:21]} Re6+ {[%clk 0:13:55]} 28. Re3
{[%clk 0:15:29]} Rc6 {[%clk 0:13:54]} 29. c3 {[%clk 0:15:36]} g6 {[%clk 0:13:45]}
30. f4 {[%clk 0:15:38]} Rf6 {[%clk 0:13:36]} 31. g3 {[%clk 0:15:45]} c6
{[%clk 0:13:10]} 32. Re4 {[%clk 0:15:20]} h5 {[%clk 0:12:41]} 33. h3
{[%clk 0:15:24]} a5 {[%clk 0:12:11]} 34. g4 {[%clk 0:15:29]} hxg4
{[%clk 0:11:12]} 35. hxg4 {[%clk 0:15:37]} Rf7 {[%clk 0:11:05]} 36. Kf3
{[%clk 0:15:33]} g5 {[%clk 0:10:17]} 37. f5 {[%clk 0:15:41]} Kc7 {[%clk 0:10:00]}
38. a3 {[%clk 0:15:35]} c5 {[%clk 0:09:41]} 39. Re5 {[%clk 0:15:07]} Kd6
{[%clk 0:09:27]} 40. Ke4 {[%clk 0:15:15]} Rf6 {[%clk 0:09:01]} 41. Rd5+
{[%clk 0:15:21]} Kc6 {[%clk 0:09:05]} 42. Ke5 {[%clk 0:15:11]} Rf7
{[%clk 0:08:59]} 43. Rd6+ {[%clk 0:15:13]} Kc7 {[%clk 0:08:39]} 44. Ke6
{[%clk 0:15:19]} Rg7 {[%clk 0:08:21]} 45. f6 {[%clk 0:15:28]} Rh7
{[%clk 0:07:43]} 46. f7 {[%clk 0:14:12]} Rh6+ {[%clk 0:07:36]} 47. Ke7
{[%clk 0:14:15]} Rh7 {[%clk 0:06:48]} 48. Rf6 {[%clk 0:13:55]} Kc8
{[%clk 0:05:35]} 49. Ke6 {[%clk 0:14:02]} Rh8 {[%clk 0:05:27]} 50. f8=R+
{[%clk 0:14:06]} Rxf8 51. Rxf8+ {[%clk 0:14:14]} Kc7 {[%clk 0:05:40]} 52. Kd5
{[%clk 0:14:18]} Kd7 {[%clk 0:05:49]} 53. Rf7+ {[%clk 0:14:27]} Ke8
{[%clk 0:05:55]} 54. Ke6 {[%clk 0:14:36]} Kd8 {[%clk 0:06:03]} 55. Rh7
{[%clk 0:14:42]} Kc8 {[%clk 0:06:10]} 56. Kd6 {[%clk 0:14:51]} Kb8
{[%clk 0:06:19]} 57. Kc6 {[%clk 0:15:00]} Ka8 {[%clk 0:06:29]} 58. Kb6
{[%clk 0:15:09]} b4 {[%clk 0:06:30]} 59. Rh8# 1-0

[Event "MESRRK"]
[Site "?"]
[Date "2018.05.26"]
[Round "3.17"]
[White "Petrus, Daniel"]
[Black "Cerven, Samuel"]
[Result "0-1"]
[BlackElo "1245"]
[WhiteElo "1094"]
[LiveChessVersion "1.4.8"]

1. e4 {[%clk 0:20:17]} e5 {[%clk 0:20:16]} 2. Nf3 {[%clk 0:20:20]} Nc6
{[%clk 0:20:23]} 3. d4 {[%clk 0:20:12]} exd4 {[%clk 0:19:59]} 4. Nxd4
{[%clk 0:20:20]} Bc5 {[%clk 0:18:49]} 5. Nxc6 {[%clk 0:20:26]} dxc6
{[%clk 0:18:53]} 6. Qxd8+ {[%clk 0:20:28]} Kxd8 {[%clk 0:19:01]} 7. Bc4
{[%clk 0:20:23]} Ke7 {[%clk 0:19:06]} 8. Bf4 {[%clk 0:20:22]} Nf6
{[%clk 0:18:06]} 9. Nc3 {[%clk 0:19:58]} Bb4 {[%clk 0:17:44]} 10. f3
{[%clk 0:19:47]} Ba5 {[%clk 0:17:36]} 11. O-O {[%clk 0:19:33]} b5
{[%clk 0:16:28]} 12. Bb3 {[%clk 0:19:02]} a6 {[%clk 0:16:28]} 13. Ne2
{[%clk 0:17:58]} c5 {[%clk 0:16:23]} 14. c4 {[%clk 0:17:25]} c6 {[%clk 0:16:12]}
15. Bg5 {[%clk 0:17:03]} h6 {[%clk 0:16:07]} 16. Bh4 {[%clk 0:16:43]} g5
{[%clk 0:15:43]} 17. Be1 {[%clk 0:16:24]} Bb6 {[%clk 0:15:42]} 18. Bc3
{[%clk 0:15:38]} b4 {[%clk 0:15:48]} 19. Bxf6+ {[%clk 0:15:35]} Kxf6
{[%clk 0:15:55]} 20. Rad1 {[%clk 0:15:39]} Be6 {[%clk 0:15:55]} 21. Rd6
{[%clk 0:15:38]} Rac8 {[%clk 0:14:31]} 22. Rc1 {[%clk 0:15:35]} Ke7
{[%clk 0:14:21]} 23. Rd3 {[%clk 0:15:08]} h5 {[%clk 0:13:53]} 24. Rcd1
{[%clk 0:14:51]} Bc7 {[%clk 0:13:07]} 25. Rc1 {[%clk 0:14:26]} h4
{[%clk 0:12:24]} 26. Ba4 {[%clk 0:14:21]} Bb8 {[%clk 0:12:30]} 27. Re3
{[%clk 0:11:11]} Be5 {[%clk 0:10:28]} 28. Rb3 {[%clk 0:09:44]} a5
{[%clk 0:10:16]} 29. a3 {[%clk 0:09:24]} g4 {[%clk 0:06:58]} 30. f4
{[%clk 0:09:11]} Bb8 {[%clk 0:06:50]} 31. e5 {[%clk 0:08:42]} f5 {[%clk 0:06:02]}
32. g3 {[%clk 0:07:58]} hxg3 {[%clk 0:06:04]} 33. Nxg3 {[%clk 0:07:40]} Ba7
{[%clk 0:05:49]} 34. axb4 {[%clk 0:07:35]} cxb4+ {[%clk 0:05:56]} 35. Kg2
{[%clk 0:07:12]} Rhd8 {[%clk 0:05:18]} 36. Nf1 {[%clk 0:06:04]} Rd4
{[%clk 0:04:56]} 37. Ne3 {[%clk 0:05:23]} Rxf4 {[%clk 0:04:48]} 38. Kg3
{[%clk 0:03:38]} Rf3+ {[%clk 0:04:49]} 39. Kg2 {[%clk 0:03:38]} Bxe3
{[%clk 0:04:50]} 40. Re1 {[%clk 0:03:37]} Bh6 {[%clk 0:03:37]} 41. Rxf3
{[%clk 0:03:40]} gxf3+ {[%clk 0:03:45]} 42. Kxf3 {[%clk 0:03:48]} Bxc4
{[%clk 0:03:37]} 43. Rd1 {[%clk 0:03:22]} Bd5+ {[%clk 0:03:21]} 44. Kf2
{[%clk 0:03:13]} Ke6 {[%clk 0:03:05]} 45. Re1 {[%clk 0:03:09]} Bf4
{[%clk 0:03:03]} 46. h4 {[%clk 0:03:11]} Bxe5 {[%clk 0:03:09]} 47. h5
{[%clk 0:03:14]} Rh8 {[%clk 0:03:01]} 48. Rc1 {[%clk 0:03:19]} Rxh5
{[%clk 0:02:35]} 49. Bxc6 {[%clk 0:03:27]} Rh2+ {[%clk 0:02:39]} 50. Ke3
{[%clk 0:03:35]} Rh3+ {[%clk 0:02:40]} 51. Kf2 {[%clk 0:03:40]} Rh2+
{[%clk 0:02:23]} 52. Ke3 {[%clk 0:03:47]} Rxb2 {[%clk 0:02:31]} 53. Bxd5+
{[%clk 0:04:04]} Kxd5 {[%clk 0:02:50]} 54. Rd1+ {[%clk 0:04:12]} Ke6
{[%clk 0:02:56]} 55. Rd3 {[%clk 0:04:01]} a4 {[%clk 0:03:03]} 56. Rd1
{[%clk 0:04:01]} a3 {[%clk 0:03:10]} 57. Rc1 a2 {[%clk 0:03:13]} 58. Kd3
{[%clk 0:03:54]} Rb1 {[%clk 0:03:17]} 59. Rc6+ {[%clk 0:04:01]} Kd7
{[%clk 0:03:23]} 60. Rc5 {[%clk 0:04:04]} Rd1+ {[%clk 0:03:20]} 61. Ke3
{[%clk 0:04:00]} Bd4+ {[%clk 0:03:28]} 62. Kf4 {[%clk 0:04:07]} Bxc5
{[%clk 0:03:36]} 63. Kg5 {[%clk 0:04:24]} Rf1 {[%clk 0:03:47]} 64. Kg4
{[%clk 0:04:33]} Rg1+ {[%clk 0:04:12]} 65. Kh4 0-1

[Event "MESRRK"]
[Site "?"]
[Date "2018.05.26"]
[Round "3.19"]
[White "Knapova, Nicol"]
[Black "Vargosko, Juraj"]
[Result "1-0"]
[BlackElo "1430"]
[WhiteElo "1128"]
[LiveChessVersion "1.4.8"]

1. e4 {[%clk 0:20:19]} e5 {[%clk 0:20:14]} 2. Nf3 {[%clk 0:20:26]} Nc6
{[%clk 0:20:20]} 3. Bc4 {[%clk 0:20:34]} Bc5 {[%clk 0:20:25]} 4. Nc3
{[%clk 0:20:40]} d6 {[%clk 0:20:13]} 5. h3 {[%clk 0:20:37]} Nf6 {[%clk 0:20:20]}
6. d3 {[%clk 0:20:43]} Be6 {[%clk 0:20:28]} 7. Bxe6 {[%clk 0:20:32]} fxe6
{[%clk 0:20:35]} 8. a3 {[%clk 0:20:17]} O-O {[%clk 0:20:41]} 9. Ng5
{[%clk 0:19:47]} Qe7 {[%clk 0:20:22]} 10. b4 {[%clk 0:19:32]} Bd4
{[%clk 0:20:27]} 11. Bd2 {[%clk 0:19:32]} Nd7 {[%clk 0:19:54]} 12. Nf3
{[%clk 0:19:14]} Qf7 {[%clk 0:19:32]} 13. b5 {[%clk 0:17:44]} Bxc3
{[%clk 0:19:27]} 14. Bxc3 {[%clk 0:17:39]} Ne7 {[%clk 0:18:57]} 15. Qd2
{[%clk 0:16:20]} Nc5 {[%clk 0:17:54]} 16. Ng5 {[%clk 0:16:02]} Qg6
{[%clk 0:16:56]} 17. f3 {[%clk 0:14:18]} h6 {[%clk 0:16:54]} 18. Nxe6
{[%clk 0:13:11]} Qxe6 {[%clk 0:17:00]} 19. Qe2 {[%clk 0:11:12]} Rf7
{[%clk 0:16:39]} 20. g4 {[%clk 0:10:21]} Qf6 {[%clk 0:16:43]} 21. Rf1
{[%clk 0:10:07]} Qh4+ {[%clk 0:16:52]} 22. Qf2 {[%clk 0:09:46]} Qxh3
{[%clk 0:16:54]} 23. Ke2 {[%clk 0:09:02]} Raf8 {[%clk 0:17:01]} 24. Rad1
{[%clk 0:08:04]} Ng6 {[%clk 0:16:43]} 25. d4 {[%clk 0:06:34]} exd4
{[%clk 0:15:50]} 26. Bxd4 {[%clk 0:06:23]} b6 {[%clk 0:15:52]} 27. Be3
{[%clk 0:05:35]} Nxe4 {[%clk 0:15:14]} 28. fxe4 {[%clk 0:05:11]} Rxf2+
{[%clk 0:15:18]} 29. Rxf2 {[%clk 0:05:17]} Qxg4+ {[%clk 0:15:20]} 30. Ke1
{[%clk 0:05:23]} Rxf2 {[%clk 0:15:26]} 31. Bxf2 {[%clk 0:05:29]} Qxe4+
{[%clk 0:15:33]} 32. Kd2 {[%clk 0:05:28]} Qd5+ {[%clk 0:15:33]} 33. Kc1
{[%clk 0:05:35]} Qxb5 {[%clk 0:15:39]} 34. Rd3 {[%clk 0:05:04]} Qg5+
{[%clk 0:15:34]} 35. Kb2 {[%clk 0:04:54]} Qf6+ {[%clk 0:15:36]} 36. Kc1
{[%clk 0:04:42]} Qxf2 {[%clk 0:15:43]} 37. Kb2 {[%clk 0:04:40]} Ne5
{[%clk 0:15:51]} 38. Rc3 {[%clk 0:04:29]} Qd4 {[%clk 0:15:52]} 39. Kb3
{[%clk 0:04:23]} c5 {[%clk 0:15:59]} 40. Rg3 {[%clk 0:03:57]} a5 {[%clk 0:16:05]}
41. c3 {[%clk 0:03:55]} Qc4+ {[%clk 0:16:05]} 42. Kc2 {[%clk 0:03:53]} Qa2+
{[%clk 0:16:10]} 43. Kd1 {[%clk 0:03:55]} Nc4 {[%clk 0:15:59]} 44. Rd3
{[%clk 0:03:00]} Nb2+ {[%clk 0:16:06]} 45. Ke2 {[%clk 0:03:07]} Nxd3+
{[%clk 0:16:14]} 46. Kxd3 {[%clk 0:03:15]} g5 {[%clk 0:16:22]} 47. Ke3
{[%clk 0:03:23]} Qxa3 {[%clk 0:16:30]} 48. Kf3 {[%clk 0:03:31]} Qxc3+
{[%clk 0:16:38]} 49. Kg4 {[%clk 0:03:40]} a4 {[%clk 0:16:47]} 50. Kh5 a3 51. Kxh6
a2 {[%clk 0:17:10]} 52. Kxg5 {[%clk 0:04:05]} a1=R 53. Kf5 {[%clk 0:04:10]} Rf1+
{[%clk 0:17:17]} 54. Ke6 {[%clk 0:04:17]} Qe5+ {[%clk 0:17:23]} 55. Kd7
{[%clk 0:04:26]} Rf7+ {[%clk 0:17:30]} 56. Kc6 {[%clk 0:04:34]} Qe4+
{[%clk 0:17:27]} 57. Kb5 {[%clk 0:04:41]} Qe8+ {[%clk 0:17:19]} 58. Kc4
{[%clk 0:04:47]} Rf4+ {[%clk 0:17:26]} 59. Kd5 {[%clk 0:04:55]} Qe4+
{[%clk 0:17:30]} 60. Kxd6 {[%clk 0:05:00]} Rf6+ {[%clk 0:17:37]} 61. Kc7
{[%clk 0:04:59]} Qe7+ {[%clk 0:17:45]} 62. Kc8 {[%clk 0:05:05]} Rf8#
{[%clk 0:17:54]} 1-0